Solid state physics (Record no. 407)
[ view plain ]
| 000 -LEADER | |
|---|---|
| Fixed length control field | 00428nam a2200169 4500 |
| 003 - CONTROL NUMBER IDENTIFIER | |
| Control field | SEACOMEC |
| 005 - DATE AND TIME OF LATEST TRANSACTION | |
| Control field | 20240104131916.0 |
| 008 - FIXED-LENGTH DATA ELEMENTS--GENERAL INFORMATION | |
| Fixed length control field | 240104b |||||||| |||| 00| 0 eng d |
| 020 ## - INTERNATIONAL STANDARD BOOK NUMBER / ISBN | |
| Price | Rs.170.00 |
| 040 ## - CATALOGING SOURCE | |
| Original cataloging agency | SEACOMEC |
| 082 ## - DEWEY DECIMAL CLASSIFICATION NUMBER | |
| Classification number | 530.41 |
| Book Number | P154 |
| 100 ## - MAIN ENTRY--PERSONAL NAME | |
| Personal name | Palanisamy,P.K. |
| 245 1# - TITLE STATEMENT | |
| Title | Solid state physics |
| Statement of responsibility | P.K. Palnisamy |
| 260 ## - IMPRINT | |
| Place of publication | Chennai |
| Name of publisher | Scitech |
| Date of publication | 2004 |
| 650 ## - SUBJECT ADDED ENTRY--TOPICAL TERM | |
| Topical term | Natural sciences,States of matter |
| 942 ## - ADDED ENTRY ELEMENTS (KOHA) | |
| Koha item type | Books |
| Withdrawn status | Lost status | Source of classification | Damaged status | Not for loan | Home library | Current library | Date acquired | Total Checkouts | Call number | Accession number | Date last seen | Copy number | Price effective from | Koha item type |
|---|---|---|---|---|---|---|---|---|---|---|---|---|---|---|
| Dewey Decimal Classification | SEACOM ENGINEERING COLLEGE | SEACOM ENGINEERING COLLEGE | 03/06/2006 | 530.41 P154 | 01188 | 04/01/2024 | 6 | 04/01/2024 | Books | |||||
| Dewey Decimal Classification | SEACOM ENGINEERING COLLEGE | SEACOM ENGINEERING COLLEGE | 03/06/2006 | 530.41 P154 | 01189 | 04/01/2024 | 7 | 04/01/2024 | Books | |||||
| Dewey Decimal Classification | SEACOM ENGINEERING COLLEGE | SEACOM ENGINEERING COLLEGE | 03/06/2006 | 530.41 P154 | 01190 | 04/01/2024 | 8 | 04/01/2024 | Books | |||||
| Dewey Decimal Classification | SEACOM ENGINEERING COLLEGE | SEACOM ENGINEERING COLLEGE | 03/06/2006 | 530.41 P154 | 01191 | 04/01/2024 | 9 | 04/01/2024 | Books | |||||
| Dewey Decimal Classification | SEACOM ENGINEERING COLLEGE | SEACOM ENGINEERING COLLEGE | 03/06/2006 | 530.41 P154 | 01192 | 04/01/2024 | 10 | 04/01/2024 | Books | |||||
| Dewey Decimal Classification | SEACOM ENGINEERING COLLEGE | SEACOM ENGINEERING COLLEGE | 03/06/2006 | 530.41 P154 | 01193 | 04/01/2024 | 11 | 04/01/2024 | Books |
